<Ein> EWG-Binnenmarkt für Elektrizität-Realität oder Utopie

Guardado en:
Detalles Bibliográficos
Otros Autores: Lukes, Rudolf
Formato: Libro
Lenguaje:alemán
Publicado: Köln Heymann 1988
Edición:1. Aufl.
Materias:
Etiquetas: Agregar Etiqueta
Sin Etiquetas, Sea el primero en etiquetar este registro!

MARC

LEADER 00000nam a2200000 4500
001 c000756
005 20221219111716.8
020 |a 3-452-21205-X 
041 0 |a ger 
044 |a DE 
245 1 0 |a <Ein> EWG-Binnenmarkt für Elektrizität-Realität oder Utopie  |c Red. Rudolf Lukes 
250 |a 1. Aufl. 
264 1 |a Köln  |b Heymann  |c 1988 
300 |a 214 s. 
610 2 0 |a EHS 
610 2 0 |a trh vnútorný 
610 2 0 |a Európske spoločenstvá 
610 2 0 |a elektrina 
610 2 0 |a právo obchodné 
610 2 0 |a právo medzinárodné 
700 1 |a Lukes, Rudolf